000 01178cam a22002891i 4500
003 SA-RiAUC
005 20250509155022.0
008 250508s1997 ua g b 00000 ara c
020 _a9771405748
040 _aSA-JeALM
_bara
_cSA-RiAUC
_erda
082 0 4 _a214.3321
_qSA-RiAUC
090 _a214.3321
_b ط ن ط
100 1 _aطنطاوي، محمد سيد،
_d1928-2010
_eمؤلف.
245 1 0 _aمعاملات البنوك وأحكامها الشرعية /
_cمحمد سيد طنطاوي.
250 _aالطبعة الخامسة عشر، جديدة ومنقحة.
264 1 _aالقاهرة :
_bدار نهضة مصر للطباعة والنشر والتوزيع،
_c1998
300 _a255 صفحة ؛
_c24 سم
336 _aنص
_btxt
_2rdacontent
_3كتاب
337 _aبدون وسيط
_bn
_2rdamedia
338 _aمجلد
_bnc
_2rdacarrier
504 _aيشتمل على إرجاعات ببليوجرافية.
650 7 _aالمعاملات (فقه إسلامي)
_2aucsh
650 7 _aالاقتصاد الإسلامي
_2aucsh
650 7 _aالبنوك الإسلامية
_2aucsh
942 _2ddc
_cBOOK
_n0
949 _aSA-JeALM
_d250508
_umohamedma123
_n1
999 _c7746
_d7746